Missing Word: Company Slogans II Quiz Stats

 Plays Quiz Updated Jul 25, 2012

Support Sporcle.
Go Orange.
Score 0/23 Timer 03:00
0 Plays Today
Slogan Answer % Correct
Be _____ that you can beall
86.1%
Built for the _____ AheadRoad
82.5%
That Was _____Easy
80.4%
Life's _____Good
77.9%
You Can Do It. We Can _____.Help
73.9%
We make money the old-fashioned way.... We _____ it.earn
70.4%
Higher Standards. Lower _____.Prices
58.3%
Don't let _____ happen to youhunger
57.7%
Sometimes you feel like a _____, sometimes you don't.nut
54.7%
_____, _____; fizz, fizz; oh, what a relief it isPlop, Plop
54.1%
We're number _____; we try harder.two
53.3%
Improving Home _____Improvement
49.3%
Slogan Answer % Correct
Mentally Stimulating _____Diversions
47.7%
We Make _____ HappenIT
45.5%
The toughest job you'll ever _____love
45.5%
It's _____ you want to beeverywhere
32.3%
The World's _____ Market PlaceOnline
29.8%
_____ More. Pay Less.Expect
27.4%
Easy as _____Dell
26.3%
Go _____ with Shellfurther
15.4%
The Power of _____You
9.7%
Thousands of _____. Get yours.possibilities
4.3%
The _____ CompanyDocument
3.3%

Today's Daily Dose

Word Ladder
ING Words

Get the Picture
Nearest Volcano

From the Vault

Battles of the World

by SirMattio

History 7m
Before you start guessing, none of them involve Orcs.
Remove Ads.
Support Sporcle.
Get the best of Sporcle when you Go Orange. This ad-free experience offers more features, more stats, and more fun while also helping to support Sporcle. Thank you for becoming a member.

Show Comments

Extras

Top Quizzes Today


Score Distribution

Your Account Isn't Verified!

In order to create a playlist on Sporcle, you need to verify the email address you used during registration. Go to your Sporcle Settings to finish the process.

Report this User

Report this user for behavior that violates our Community Guidelines.

Details: